|
|
|
|
| LEADER |
01392nam a22003257a 4500 |
| 001 |
42384 |
| 003 |
BD-DhAAL |
| 005 |
20240318152218.0 |
| 008 |
240318r19941966nyuab 000 1 eng d |
| 020 |
|
|
|a 0618260269
|
| 020 |
|
|
|a 9780618260263
|
| 035 |
|
|
|a (OCoLC)ocn772099494
|
| 040 |
|
|
|a BTCTA
|b eng
|c BTCTA
|d BDX
|d GZD
|d SO$
|d YDXCP
|d IHY
|d DLC
|d BD-DhAAL
|
| 042 |
|
|
|a lccopycat
|
| 050 |
0 |
0 |
|a PR6039.O32
|b L6 2012
|
| 082 |
0 |
4 |
|a 823.912
|2 23
|
| 100 |
1 |
|
|a Tolkien, J. R. R.
|q (John Ronald Reuel),
|d 1892-1973.
|9 6226
|
| 245 |
1 |
4 |
|a The fellowship of the ring :
|b being the first part of the lord of the rings /
|c J.R.R. Tolkien.
|
| 246 |
3 |
0 |
|a Lord of the Rings
|
| 264 |
|
|
|a Boston :
|b Houghton Mifflin Harcourt,
|c c1966 [revised 1994].
|
| 300 |
|
|
|a xvi, 398 pages :
|b illustrations, maps ;
|c 21 cm.
|
| 490 |
1 |
|
|a The Lord of the rings ;
|v pt. 1
|
| 541 |
|
|
|a Donation from the Asia Foundation
|e 42384
|
| 600 |
1 |
0 |
|a Baggins, Frodo
|v Fiction.
|9 56163
|
| 650 |
|
0 |
|a Middle Earth (Imaginary place)
|v Fiction.
|9 56164
|
| 800 |
1 |
|
|a Tolkien, J. R. R.
|q (John Ronald Reuel),
|d 1892-1973.
|t Lord of the rings
|v pt. 1.
|9 56165
|
| 852 |
|
|
|a Ayesha Abed Library
|
| 942 |
|
|
|2 ddc
|c BK
|
| 999 |
|
|
|c 46471
|d 46471
|
| 952 |
|
|
|0 0
|1 0
|2 ddc
|4 0
|6 823_912000000000000_TOL
|7 0
|9 75275
|a SCL
|b SCL
|c GEN
|d 2024-03-18
|e Donation from the Asia Foundation
|g 1317.00
|l 3
|m 2
|o 823.912 TOL
|p 3020042384
|r 2025-04-09
|s 2025-03-22
|t 1
|w 2024-03-18
|y BK
|x USD 12.00
|